000 01342nam a2200373Ia 4500
999 _c63430
_d63430
003 GCL
005 20240530110640.0
008 140319s9999 xx 000 0 ara d
040 _aGCL /
_cGCL
082 0 4 _a953
_bش م
100 1 _aشاكر مصطفى
245 1 0 _aموسوعة دول العالم الاسلامى ورجالها /
_cشاكر مصطفى
250 _aط1
260 _aبيروت :
_bدار العلم للملايين ،
_c1993
300 _a2 جزء ؛
_c24 سم
650 0 4 _aالاسلام والمسيحية
650 0 4 _aالحروب الصليبية
650 0 4 _aالسيرة النبوية
650 0 4 _aالجزيرة العربية
650 0 4 _aالسلاجقة
650 0 4 _aالاسلام - تراجم
650 0 4 _aالخلافة العباسية
650 0 4 _aالعصر الطولونى (868 - 905م)
650 0 4 _aالغزوات الاسلامية
650 0 4 _aعصر الولاة
650 0 4 _aرجال العصر العباسى
650 0 4 _aالاخشيديون
650 0 4 _aالدولة الفاطمية - العصر الايوبى
650 0 4 _aاسيا - انتشار الاسلام
650 0 4 _aدول الاندلس
650 0 4 _aالجزر الشرقية
650 0 4 _aالعالم العربى - تاريخ - العصر العثمانى
942 _2ddc
_cBK